Elica aria nuova. (Record no. 12304)
[ view plain ]
| 000 -CABECERA | |
|---|---|
| campo de control de longitud fija | 00724nam a22002297a 4500 |
| 003 - IDENTIFICADOR DEL NÚMERO DE CONTROL | |
| campo de control | OSt |
| 005 - FECHA Y HORA DE LA ÚLTIMA TRANSACCIÓN | |
| campo de control | 20260530113916.0 |
| 008 - DATOS DE LONGITUD FIJA--INFORMACIÓN GENERAL | |
| campo de control de longitud fija | 260508b2010 it ||||| |||| 00| 0 ita d |
| 040 ## - FUENTE DE LA CATALOGACIÓN | |
| Centro catalogador/agencia de origen | ICI |
| Lengua de catalogación | spa |
| Centro/agencia transcriptor | ICI |
| Normas de descripción | rda |
| 041 ## - CÓDIGO DE LENGUA | |
| Código de lengua del texto/banda sonora o título independiente | ita |
| 050 ## - SIGNATURA TOPOGRÁFICA DE LA BIBLIOTECA DEL CONGRESO | |
| Número de clasificación | TS2250 |
| Número de documento/Ítem | .E45 2010 |
| 245 10 - MENCIÓN DE TÍTULO | |
| Título | Elica aria nuova. |
| 260 ## - PUBLICACIÓN, DISTRIBUCIÓN, ETC. | |
| Lugar de publicación, distribución, etc. | Italia : |
| Nombre del editor, distribuidor, etc. | Elica, |
| Fecha de publicación, distribución, etc. | 2010. |
| 300 ## - DESCRIPCIÓN FÍSICA | |
| Extensión | 80 páginas : |
| Otras características físicas | ilustraciones a color ; |
| Dimensiones | 30 cm. |
| 500 ## - NOTA GENERAL | |
| Nota general | Registro catalográfico provisional elaborado con información incompleta. |
| 650 #4 - PUNTO DE ACCESO ADICIONAL DE MATERIA--TÉRMINO DE MATERIA | |
| Término de materia o nombre geográfico como elemento de entrada | Diseño industrial. |
| 9 (RLIN) | 15218 |
| 650 #4 - PUNTO DE ACCESO ADICIONAL DE MATERIA--TÉRMINO DE MATERIA | |
| Término de materia o nombre geográfico como elemento de entrada | Electrodomésticos |
| Subdivisión general | Diseño. |
| 9 (RLIN) | 34146 |
| 650 #4 - PUNTO DE ACCESO ADICIONAL DE MATERIA--TÉRMINO DE MATERIA | |
| Término de materia o nombre geográfico como elemento de entrada | Cocinas |
| Subdivisión general | Equipamiento. |
| 9 (RLIN) | 34147 |
| 650 #4 - PUNTO DE ACCESO ADICIONAL DE MATERIA--TÉRMINO DE MATERIA | |
| Término de materia o nombre geográfico como elemento de entrada | Campanas extractoras. |
| 9 (RLIN) | 34148 |
| 650 #4 - PUNTO DE ACCESO ADICIONAL DE MATERIA--TÉRMINO DE MATERIA | |
| Término de materia o nombre geográfico como elemento de entrada | Diseño italiano. |
| 9 (RLIN) | 34149 |
| 942 ## - ELEMENTOS DE PUNTO DE ACCESO ADICIONAL (KOHA) | |
| Fuente del sistema de clasificación o colocación | Library of Congress Classification |
| Tipo de ítem Koha | |
| Suprimir en OPAC | 1 |
No items available.